|
|
|
|
| LEADER |
00000nab a2200000 ar4500 |
| 001 |
vtls010037260 |
| 003 |
SK-MaSNL |
| 005 |
20260303161544.0 |
| 008 |
100111c2009 xo mr|p|||||||000 b|slo |
| 038 |
|
|
|a PPPK
|
| 040 |
|
|
|a PPPKCL
|b slo
|c PPPKCL
|e AACR2
|
| 041 |
0 |
|
|a slo
|
| 044 |
|
|
|a xo
|c SK
|
| 080 |
|
|
|a 35.073.544
|2 2001
|
| 080 |
|
|
|a 643
|2 2001
|
| 100 |
1 |
|
|a Saturyová, Adriana
|4 aut
|9 641095
|
| 245 |
1 |
0 |
|a Byty na ľubických pozemkoch už bude možné odkúpiť
|c [text a foto] T/F Adriana Saturyová
|
| 300 |
|
|
|b Fotogr.
|
| 610 |
1 |
7 |
|a Kežmarok (Slovensko).
|b Mestský úrad
|2 pppkcl
|9 177160
|
| 650 |
0 |
7 |
|a zasadania
|2 pppkcl
|9 284751
|
| 650 |
0 |
7 |
|a súdne spory
|2 pppkcl
|9 59780
|
| 650 |
0 |
7 |
|a pozemky
|2 pppkcl
|9 15852
|
| 650 |
0 |
7 |
|a byty
|2 pppkcl
|9 3905
|
| 650 |
0 |
7 |
|a odpredaje
|2 pppkcl
|9 877318
|
| 651 |
|
7 |
|a Kežmarok (Slovensko)
|2 pppkcl
|9 26808
|
| 651 |
|
7 |
|a Ľubica (Slovensko)
|2 pppkcl
|9 51312
|
| 773 |
0 |
|
|t Kežmarok
|g Roč. XVII, č. 23 (2009), s. 1-2
|
| 852 |
|
|
|a PPPK
|b KIS3GCP
|
| 999 |
|
|
|c 2049721
|d 2051651
|